000 00550nam a2200229Ia 4500
008 101110s9999 xx 000 0 und d
041 _aENGLISH
082 _bSR33939
100 _aGarrett paul B.
245 _aAbstract algebra
260 _c2008
_bChapman & Hall, Boca Raton
300 _a451
365 _b460
520 _aMathematics
520 _aUGC Marge Scheme 2009-2010
546 _aENGLISH
630 _aAbstract algebra
650 _aMathematics
655 _aMathematics
730 _aAbstract algebra
942 _cBOOK
999 _c826440
_d826437